History Quiz

Random History or City Quiz

New York City Mayors Quiz Stats

 Plays Quiz Updated Feb 26, 2020

     
Support Sporcle.
Go Orange.
Score 0/21 Timer 05:00
0 Plays Today
Years Mayor % Correct
2002-2013Michael R. Bloomberg
93.9%
1994-2001Rudolph W. Giuliani
89.9%
2014-presentBill de Blasio
80%
1978-1989Edward I. Koch
69.3%
1934-1945Fiorello H. La Guardia
67.3%
1990-1993David N. Dinkins
57%
1966-1973John V. Lindsay
32.7%
1974-1977Abraham D. Beame
24.2%
1954-1965Robert F. Wagner Jr.
17.4%
1926-1932James J. Walker
14.9%
1898-1901Robert A. Van Wyck
7.6%
Years Mayor % Correct
1946-1950William O'Dwyer
7.3%
1902-1903Seth Low
6.6%
1950-1953Vincent R. Impellitteri
6.1%
1933John P. O'Brien
5.4%
1904-1909George B. McClellan Jr.
5.3%
1918-1925John F. Hylan
5.2%
1914-1917John Purroy Mitchel
4.7%
1910-1913William Jay Gaynor
4.3%
1913Ardolph Loges Kline
4%
1932Joseph V. McKee
4%

From the Vault

Click the Cartoon Top Hat Wearer

by ddd62291

These characters make us feel significantly less fancy.
Remove Ads.
Support Sporcle.
Get the best of Sporcle when you Go Orange. This ad-free experience offers more features, more stats, and more fun while also helping to support Sporcle. Thank you for becoming a member.

Show Comments

Extras

Top Quizzes Today


Score Distribution

Your Account Isn't Verified!

In order to create a playlist on Sporcle, you need to verify the email address you used during registration. Go to your Sporcle Settings to finish the process.

Report this User

Report this user for behavior that violates our Community Guidelines.

Details: